| 000 | 02168nam a2200349Ia 4500 | ||
|---|---|---|---|
| 999 |
_c54617 _d54617 |
||
| 001 | 21684 | ||
| 003 | GE_BSU | ||
| 005 | 20211210181248.0 | ||
| 008 | 181216s ||||ge |||||||||||||| ||geo|| | ||
| 020 | _a9789941136412 | ||
| 040 | _cGE_BSU | ||
| 041 | _ageo | ||
| 080 | _a338.2 ს-74 | ||
| 245 |
_aსოციალური მეწარმეობის განვითარების ტენდენციები საქართველოში / _cრ. გველესიანი, გ. ერქომაიშვილი, ი. გოგორიშვილი, ე. ლეკაშვილი, ნ. ფარესაშვილი, ლ. ხურცია ; რედ. რ. გველესიანი. |
||
| 264 |
_aთბილისი : _bუნ-ტის გამ-ბა, _c2017. |
||
| 300 |
_a145 გვ. ; _c21 სმ. |
||
| 500 | _aპარალელური სათაური ინგლისურ ენაზე | ||
| 504 | _aბიბლიოგრაფია გვ. : 126-127 | ||
| 520 | _aპარალ. სათაური ინგლ.ენ. | ||
| 541 | _h20 ლ. | ||
| 653 | _aეკონომიკა | ||
| 653 | _aსოციალური მეწარმეობის განვითარების ტენდენციები საქართველოში | ||
| 700 |
_aგველესიანი, რ. _eავტორი _94609 |
||
| 700 |
_aერქომაიშვილი, გ. _eავტორი _913267 |
||
| 700 |
_aგოგორიშვილი, ი. _eავტორი _912239 |
||
| 700 |
_aლეკაშვილი, ე. _eავტორი _913268 |
||
| 700 |
_aფარესაშვილი, ნ. _eავტორი _913269 |
||
| 700 |
_aხურცია, ლ. _eავტორი _913270 |
||
| 700 |
_aგველესიანი, რ. _eრედაქტორი _94609 |
||
| 710 |
_aივანე ჯავახიშვილის სახელობის თბილისის სახელმწიფო უნივერსიტეტი _913271 |
||
| 942 |
_cBK _2udc |
||